004970000a22001450004500008004100000082001600041110005200057245003300109260005700142300001100199650002300210942000700233952009600240999001500336230817t ||||| |||| 00| 0 eng d a305.42bSRI aSri Lanka, Ministry of health & women's affairs aStatus of Women (Shri Lanka) aColombo:bMinistry of Health & Women's Affairsc1993 a116 p. aFEMINISM-Sri Lanka cRP 00102ddc4070aMAINbMAINd2023-08-17l0o305.42 SRIpRAF4493r2023-08-17w2023-08-17yRP c2429d2429